Guus Hiddink's Real Madrid - Statistics

General Stats
  • This quiz has been taken 7 times
  • The average score is 14 of 22
Answer Stats
Rank Player Position Nationality Matches Goals Assists % Correct
1 Clarence Seedorf Central Midfield 34 7 10
100%
12 Davor Suker Centre-Forward 21 4 2
100%
2 Raúl Second Striker 33 17 3
100%
4 Roberto Carlos Left-Back 32 4 6
100%
22 Samuel Eto'o Centre-Forward 1 0 0
100%
5 Christian Panucci Right-Back 30 2 3
83%
9 Fernando Hierro Centre-Back 26 7 1
83%
10 Predrag Mijatović Centre-Forward 26 7 6
83%
6 Bodo Illgner Goalkeeper 30 0 0
67%
13 Christian Karembeu Defensive Midfield 20 0 0
67%
11 Fernando Morientes Centre-Forward 24 9 3
67%
14 Guti Central Midfield 20 2 0
67%
21 Aitor Karanka Centre-Back 3 0 0
50%
16 Fernando Redondo Defensive Midfield 17 0 0
50%
7 Manolo Sanchís Centre-Back 29 0 0
50%
3 Sávio Left Winger 33 9 4
50%
18 Fernando Sanz Centre-Back 11 0 0
33%
15 Iván Campo Defensive Midfield 19 1 0
33%
8 Robert Jarni Left-Back 28 3 4
33%
17 Jaime Defensive Midfield 14 0 0
17%
20 Pedro Contreras Goalkeeper 5 0 0
17%
19 Roberto Rojas Right-Back 8 0 0
17%
No matching quizzes found
Score Distribution
Percent of People with Each Score
Percentile by Number Answered
Your Score History
You have not taken this quiz